Atlas Pop Up : (Registro nro. 37158)

Detalles MARC
000 -CABECERA
Longitud fija campo de control 00870nam a2200193 4500
003 - • IDENTIFICADOR DELl NÚMERO DE CONTROL
Identificador del número de control CO-ViMGA
020 ## - • NÚMERO INTERNACIONAL NORMALIZADO PARA LIBROS
Número Internacional Normalizado para Libros (ISBN) 9789587667936
040 ## - FUENTE DE LA CATALOGACIÓN
Centro catalogador de origen CO-ViMGA
Lengua de catalogación spa
Centro transcriptor CO-ViMGA
100 1# - • PUNTO DE ACCESO PRINCIPAL-NOMBRE DE PERSONA
Nombre de persona Litton, Jonathan
245 10 - • TITULO PROPIAMENTE DICHO
Título Atlas Pop Up :
Resto del título Pueblos del mundo /
300 ## - • DESCRIPCIÓN FÍSICA
Extensión [16] paginas :
Otras características físicas il. ; 28 cm.
520 ## - • NOTA DE RESUMEN
Resumen, etc, ¡Una expedición pop-up por los pueblos del mundo! Viaja por el mundo y conoce muchos países y culturas, descubre cómo es el interior de iglú, cuál es la comida preferida de los rusos,cómo es el festival de los monos, en Tailandia y mucho más. Gracias a las ventanas, pop-ups y ruedas, esta será una aventura inolvidable.
650 14 - • PUNTO DE ACCESO ADICIONAL DE MATERIA - TÉRMINO DE MATERIA
Término de materia o nombre geográfico como elemento inicial Libros ilustrados para niños
700 1# - • PUNTO DE ACCESO ADICIONAL - NOMBRE DE PERSONA
Nombre de persona Litton, Jonathan,
Término indicativo de función Textos
700 1# - • PUNTO DE ACCESO ADICIONAL - NOMBRE DE PERSONA
Nombre de persona Waterhouse, Stephen,
Término indicativo de función il.
942 ## - ENTRADA DE ELEMENTOS AGREGADOS (KOHA)
Fuente de clasificaión o esquema Dewey Decimal Classification
Koha [por defecto] tipo de item LIbro
Existencias
Perdido Fuente de clasificación o esquema Estado Físico No para préstamo Forma de adquisición Localización permanente Localización actual Fecha adquisición Préstamos totales Renovaciones totales Signatura completa Código de barras Fecha última consulta Fecha último préstamo Fecha del precio de reemplazo Tipo de item de Koha
  Dewey Decimal Classification     Sala Infantil Segundo Piso Biblioteca Pública Germán Arciniegas - Villavicencio Biblioteca Pública Germán Arciniegas - Villavicencio 01/28/2020 2 1 C LITp 33020 10/21/2022 10/18/2022 01/28/2020 LIbro
  Dewey Decimal Classification     Sala Infantil Segundo Piso Biblioteca Pública Germán Arciniegas - Villavicencio Biblioteca Pública Germán Arciniegas - Villavicencio 01/28/2020     C LITp 33019 01/28/2020   01/28/2020 LIbro









Instituto Departamental de Cultura del Meta - Red Departamental de Bibliotecas Públicas del Meta.